ARRUPE JESUIT UNIVERSITY

CORONAVIRUS -STOP THE SPREAD - CLEAN,DISINFECT,COVER

From slavery to freedom; (Record no. 131479)

MARC details
000 -LEADER
fixed length control field 00531nam a22001577a 4500
008 - FIXED-LENGTH DATA ELEMENTS--GENERAL INFORMATION
fixed length control field 220520b |||||||| |||| 00| 0 eng d
020 ## - INTERNATIONAL STANDARD BOOK NUMBER
International Standard Book Number 0394322568.
050 ## - LIBRARY OF CONGRESS CALL NUMBER
Classification number E185. F825 1979
100 ## - MAIN ENTRY--PERSONAL NAME
Personal name Franklin, Hope. John
9 (RLIN) 51724
245 ## - TITLE STATEMENT
Title From slavery to freedom;
Remainder of title a history of Negro Americans
Statement of responsibility, etc John. Hope . Franklin
260 ## - PUBLICATION, DISTRIBUTION, ETC. (IMPRINT)
Place of publication, distribution, etc New York:
Name of publisher, distributor, etc Alfred A.Knoff,
Date of publication, distribution, etc 1980.
300 ## - PHYSICAL DESCRIPTION
Extent xvii,554p;
Dimensions 24cm.
650 ## - SUBJECT ADDED ENTRY--TOPICAL TERM
Topical term or geographic name as entry element Afro Americans
General subdivision history
9 (RLIN) 23695
650 ## - SUBJECT ADDED ENTRY--TOPICAL TERM
Topical term or geographic name as entry element slavery in the United States
General subdivision history
9 (RLIN) 20424
942 ## - ADDED ENTRY ELEMENTS (KOHA)
Source of classification or shelving scheme Library of Congress Classification
Item type Monograph ( Printed materials)
Holdings
Withdrawn status Lost status Source of classification or shelving scheme Damaged status Not for loan Collection code Home library Current library Date acquired Total Checkouts Full call number Barcode Date last seen Price effective from Koha item type
    Library of Congress Classification     Main Collection ARRUPE LIBRARY ARRUPE LIBRARY 20/05/2022   E185. F825 1979 46600009257 20/05/2022 20/05/2022 Monograph ( Printed materials)

 

Arrupe Library. PO Box MP320 Mt Pleasant, Harare, Zimbabwe
263 242 745411|librarian@aju.ac.zw